Cazador de agua y otros textos mutantes : (Registro nro. 14034)

Detalles MARC
000 -LIDER
fixed length control field 00805nam a22002417a 4500
003 - IDENTIFICACDOR DE NÚMERO DE CONTROL
control field DO-SdBNP
005 - DATE AND TIME OF LATEST TRANSACTION
control field 20220831104426.0
008 - ELEMENTOS DE LONGITUD FIJA
fixed length control field 220211b2003 dr ||| |||| 00| 0 spa d
020 ## - ISBN
International Standard Book Number 9993449113
040 ## - FUENTE DE CATALOGACIÓN
Agencia que crea de manera original el registro BPMSU
Agencia que realiza la transcripción BPMSU
082 ## - NÚMERO DE CLASIFICACIÓN DECIMAL DE DEWEY
Classification number RD861.4408
Item number A445c 2003
Edition number 22
100 1# - ASIENTO PRINCIPAL -- NOMBRE PERSONAL
Nombre personal Almánzar Botello, Armando
Fechas asociadas con el nombre 1956-
245 ## - MENCIÓN DE TITULO
Título Cazador de agua y otros textos mutantes :
Subtítulo antología poética 1977-2002 /
Mención de responsabilidad Armando Almánzar Botello
260 ## - PUBLICACIÓN, DISTRIBUCIÓN, ETC. (PIE DE IMPRENTA)
Lugar de publicación, distribución, etc Santo Domingo,
Nombre del editor, distribuidor, etc. Editora Nacional,
Fecha de publicación, distribución, etc 2003
300 ## - DESCRIPCIÓN FÍSICA
Extensión 142 p ;
Dimensiones 22cm
490 0# - MENCIÓN DE SERIES
Mención de serie Literaria. El barco ebrio.
500 ## - NOTA GENERAL
Nota general Incluye datos biográficos del autor en la contracubierta
590 ## - NOTA LOCAL
Enlace Inventariado, 2022/VM
650 #4 - ENCABEZAMIENTO DE MATERIA--TEMÁTICO
Término temático o nombre geográfico como elemento de entrada Poesía dominicana
Subdivisión de forma Colecciones
650 #4 - ENCABEZAMIENTO DE MATERIA--TEMÁTICO
Término temático o nombre geográfico como elemento de entrada Literatura dominicana
910 ## - VALIDACIÓN
Validación VMateo V.
942 ## - ADDED ENTRY ELEMENTS (KOHA)
Source of classification or shelving scheme Dewey Decimal Classification
Koha item type Libros
Existencias
Withdrawn status Lost status Source of classification or shelving scheme Damaged status Not for loan Collection code Home library Current library Date acquired Full call number Barcode Date last seen Price effective from Koha item type Total Checkouts Copy number
    Dewey Decimal Classification     Colección Dominicana Biblioteca Pública Metropolitana Salomé Ureña Biblioteca Pública Metropolitana Salomé Ureña 08/31/2022 BPMSU CD RD861.4408 A445c 2003 BPMSU22080046 08/31/2022 08/31/2022 Libros    
    Dewey Decimal Classification     Colección Dominicana Biblioteca Pública Metropolitana Salomé Ureña Biblioteca Pública Metropolitana Salomé Ureña 08/31/2022 BPMSU CD RD861.4408 A445c 2003 BPMSU22080047 08/31/2022 08/31/2022 Libros   e.2
    Dewey Decimal Classification     Colección Dominicana Biblioteca Pública Metropolitana Salomé Ureña Biblioteca Pública Metropolitana Salomé Ureña 08/31/2022 BPMSU CD RD861.4408 A445c 2003 BPMSU25080051 08/20/2025 08/31/2022 Libros   e.3